Luật thương mại toát yếu
Sách gồm 7 chương định nghĩa danh từ nhà buôn, những hành vi thương mại, những điều kiện và nhiệm vụ của nhà buôn,...
Сохранить в:
| Главный автор: | |
|---|---|
| Формат: | |
| Язык: | Undetermined |
| Опубликовано: |
Sài Gòn
Nxb. Bạch Đằng
|
| Предметы: | |
| Метки: |
Добавить метку
Нет меток, Требуется 1-ая метка записи!
|
| Thư viện lưu trữ: | Trung tâm Học liệu Trường Đại học Cần Thơ |
|---|
| LEADER | 00747nam a2200193Ia 4500 | ||
|---|---|---|---|
| 001 | CTU_204609 | ||
| 008 | 210402s9999 xx 000 0 und d | ||
| 082 | |a 346.59707 | ||
| 082 | |b Tr305/Q.1 | ||
| 100 | |a Lê, Tài Triển | ||
| 245 | 0 | |a Luật thương mại toát yếu | |
| 245 | 0 | |c Lê Tài Triển | |
| 260 | |a Sài Gòn | ||
| 260 | |b Nxb. Bạch Đằng | ||
| 520 | |a Sách gồm 7 chương định nghĩa danh từ nhà buôn, những hành vi thương mại, những điều kiện và nhiệm vụ của nhà buôn,... | ||
| 650 | |a Commercial law,Luật thương mại | ||
| 650 | |z Vietnam,Việt Nam | ||
| 904 | |i Hải | ||
| 980 | |a Trung tâm Học liệu Trường Đại học Cần Thơ | ||